书目信息 |
| 题名: |
军事家100人
|
|
| 作者: | 兰宁, 著 ;耿丹 , 苏文君 译 | |
| 分册: | ||
| 出版信息: | 北京 当代世界出版社 2006.01 |
|
| 页数: | 312页 | |
| 开本: | 23cm | |
| 丛书名: | 世界人物译丛 | |
| 单 册: | ||
| 中图分类: | K815.2 | |
| 科图分类: | ||
| 主题词: | 军事家--jun shi jia--列传--世界 | |
| 电子资源: | ||
| ISBN: | 7-5090-0047-5 | |
| 000 | 01400nam 2200313 450 | |
| 001 | 012006735265 | |
| 005 | 20060403155209.39 | |
| 010 | @a7-5090-0047-5@dCNY33.00 | |
| 100 | @a20060403d2006 km y0chiy0120 ea | |
| 101 | 1 | @achi@ceng |
| 102 | @aCN@b110000 | |
| 105 | @aa z 001yd | |
| 200 | 1 | @a军事家100人@Ajun shi jia 100 ren@e历史上最具影响力的军事统帅排行榜@d= The Military 100@eA ranking of the Most Influential Military Leaders of all time@f(美) 迈克尔·李·兰宁著@F(mei)mai ke er·li·lan ning zhu@g耿丹, 苏文君译@Ggeng dan,su wen jun yi@zeng |
| 210 | @a北京@c当代世界出版社@d2006.01 | |
| 215 | @a312页@c图@d23cm | |
| 225 | 2 | @a世界人物译丛@Ashi jie ren wu yi cong |
| 306 | @a中文简体字版由Kensington Publishing Co.授权出版 | |
| 320 | @a有索引 (第305-312页)。 | |
| 330 | @a本书作者将历史上最有影响力的军事家进行了排名,是一本由短小精彩小传组成的人物合传。 | |
| 410 | 0 | @12001 @a世界人物译丛 |
| 510 | 1 | @aMilitary 100@eA ranking of the Most Influential Military Leaders of all time@zeng |
| 517 | 1 | @a历史上最具影响力的军事统帅排行榜@Ali shi shang zui ju ying xiang li de jun shi tong shuai pai xing bang |
| 606 | 0 | @a军事家@Ajun shi jia@x列传@y世界 |
| 690 | @aK815.2@v4 | |
| 701 | 1 | @a兰宁,@Alan ning,@bM. L.@g(Lanning, Michael Lee)@4著 |
| 702 | 0 | @a耿丹@Ageng dan@4译 |
| 702 | 0 | @a苏文君@Asu wen jun@4译 |
| 801 | 0 | @aCN@bQSSK@c20060403 |
| 905 | @a10447@dK815.2@eL036 | |
| 军事家100人:历史上最具影响力的军事统帅排行榜= The Military 100:A ranking of the Most Influential Military Leaders of all time/(美) 迈克尔·李·兰宁著/耿丹, 苏文君译.-北京:当代世界出版社,2006.01 |
| 312页:图;23cm.-(世界人物译丛) |
| ISBN 7-5090-0047-5:CNY33.00 |
| 本书作者将历史上最有影响力的军事家进行了排名,是一本由短小精彩小传组成的人物合传。 |
| ● |
| 相关链接 |
|
|
|
正题名:军事家100人
索取号:K815.2/L036
 
预约/预借
| 序号 | 登录号 | 条形码 | 馆藏地/架位号 | 状态 | 备注 |
| 1 | 557101 | 205571013 | 社科库309/ [索取号:K815.2/L036] | 在馆 | |
| 2 | 557102 | 205571022 | 社科库309/309社科库 43排1列3层/ [索取号:K815.2/L036] | 在馆 | |
| 3 | 557103 | 205571031 | 社科库309/309社科库 43排1列3层/ [索取号:K815.2/L036] | 在馆 |